000 004630000a22001450004500
090 _aAR
_b00617
245 1 0 _aSummary of information and statistics on Florida's marine organisms and the marine environment
650 1 4 _aMamíferos acuáticos
_993274
650 1 4 _aBiología de la especie
_993163
650 1 4 _aBiología de la especie
_993163
041 0 _aInglés
100 1 _aStewart, V. N.
_993719
942 _cARTICULO
773 1 _tSea Stats
_3239
_h13
_q1-15
_d1989
999 _c9709
_d9709